00903 2200181 4500245003400000020002200034250001100056100001700067700002100084650001700105005001900122260003000141041001400171084001100185300002200196500049400218336000900712 a3726 MDPLcNurwina SarihText a978-623-310-259-9 aCet. 4 aNurwina Sari aZafira Salsabila aFiksi Remaja a20250310075931 aJakartabRomanciousc2024 aIndonesia a808.83 a280 hlm. :cilus. aSelain disibukkan dengan skripsi, Rangga, Ketua Panitia OSPEK Fakultas Kehutanan 2023 itu juga menyibukkan dirinya dengan mengagumi Andini. Seorang mahasiswi yang bercita-cita bisa mendaki Gunung Rinjani, sekaligus adik tingkat yang ia sebut sebagai manusia favorit.Andini dikelilingi oleh banyak cinta, banyak manusia yang ingin dengannya, terutama Rangga dengan seluruh kesan istimewanya. Namun, dalam dirinya, ada manusia dulu yang entah masih jadi pemenang atau definisi lain dari itu. atext